NMR spectroscopy of the non-metallic elements / (Record no. 145103)

MARC details
000 -LEADER
fixed length control field 01014cam a2200289 a 4500
008 - FIXED-LENGTH DATA ELEMENTS--GENERAL INFORMATION
fixed length control field
020 ## - INTERNATIONAL STANDARD BOOK NUMBER
International Standard Book Number 0471967637 (hbk.)
049 1# - LOCAL HOLDINGS (OCLC)
Holding library MAIN
090 ## - LOCALLY ASSIGNED LC-TYPE CALL NUMBER (OCLC); LOCAL CALL NUMBER (RLIN)
Classification number (OCLC) (R) ; Classification number, CALL (RLIN) (NR) QD131 BER
003 - CONTROL NUMBER IDENTIFIER
control field
005 - DATE AND TIME OF LATEST TRANSACTION
control field 20230123133232.0
040 ## - CATALOGING SOURCE
Transcribing agency NUST
100 1# - MAIN ENTRY--PERSONAL NAME
Personal name Berger, Stefan.
240 10 - UNIFORM TITLE
Uniform title NMR-spektroskopie von Nichtmetallen.
Language of a work English
245 10 - TITLE STATEMENT
Title NMR spectroscopy of the non-metallic elements /
Statement of responsibility, etc. Stefan Berger, Siegmar Braun, Hans-Otto Kalinowski ; translated by Jack Becconsall.
260 ## - PUBLICATION, DISTRIBUTION, ETC.
Place of publication, distribution, etc. New York :
Name of publisher, distributor, etc. John Wiley & Sons,
Date of publication, distribution, etc. 1997.
300 ## - PHYSICAL DESCRIPTION
Extent xvi, 1082 p. :
Other physical details ill. ;
Dimensions 24 cm.
504 ## - BIBLIOGRAPHY, ETC. NOTE
Bibliography, etc. note Includes bibliographical references: p. 983-1016.
500 ## - GENERAL NOTE
General note Includes index.
650 #0 - SUBJECT ADDED ENTRY--TOPICAL TERM
Topical term or geographic name entry element Nonmetals
General subdivision Analysis.
650 #0 - SUBJECT ADDED ENTRY--TOPICAL TERM
Topical term or geographic name entry element Nuclear magnetic resonance spectroscopy.
650 #7 - SUBJECT ADDED ENTRY--TOPICAL TERM
Topical term or geographic name entry element Espectroscopia ressonancia magnetica nuclear
Source of heading or term larpcal
700 1# - ADDED ENTRY--PERSONAL NAME
Personal name Braun, Siegmar.
700 1# - ADDED ENTRY--PERSONAL NAME
Personal name Kalinowski, Hans-Otto.
907 ## - LOCAL DATA ELEMENT G, LDG (RLIN)
a .b10057146
b 24-04-07
c 17-04-03
942 ## - ADDED ENTRY ELEMENTS (KOHA)
Koha item type Ordinary Loan Books
Call number prefix QD131 BER
Holdings
Date last seen Total Checkouts Full call number Barcode Cost, replacement price Price effective from Koha item type Lost status Source of classification or shelving scheme Damaged status Not for loan Collection Withdrawn status Home library Current library Shelving location Date acquired Cost, normal purchase price
01/23/2023   QD131 BER 92003018448 80.00 01/23/2023 BOOKS   LCC     NFIC   MAIN MAIN GEN 01/23/2023 80.00